000 01106nam a2200289Ia 4500
005 20220317000705.0
008 160601s2002 sp a g 000 0 spa
020 _a8495456966
082 0 4 _a540.78
_bV21e
100 1 _aVecchione, Glen
245 1 0 _aExperimentos sencillos de química en la cocina
_cGlen Vecchione ; ilustraciones Horacio Elena ; traducción Joan Carles Guix
250 _a1a. edición
300 _a124 páginas
_bilustraciones
_c21 cm
490 _aEl juego de la ciencia
505 _aFórmulas creativas -- Experimentos con alimentos -- Química y cocina
650 1 4 _2LEMB
_aQuímica
_xEnseñanza elemental
650 1 4 _2LEMB
_aQuímica experimental
_xEnseñanza elemental
650 1 4 _2LEMB
_aCiencia
_vExperimentos
_xEnseñanza elemental
700 1 _aElena, Horacio
_eilustrador
_952709
700 1 _aGuix, Joan Carles
_etraductor
_952710
942 _2ddc
_cBK
264 _aBarcelona
_bOniro
_c2002
336 _atexto
_btxt
_2rdacontent
337 _asin mediación
_bn
_2rdamedia
338 _avolumen
_bnc
_2rdacarrier
040 _aCO-BoRNBP
_bspa
_erda
_cCO-BoRNBP
999 _c4784
_d4784